|
|
|
|
| LEADER |
01033nam a22003017a 4500 |
| 001 |
36321 |
| 003 |
BD-DhAAL |
| 005 |
20211130125831.0 |
| 008 |
190930t2005 ii 001 0 eng d |
| 999 |
|
|
|c 41489
|d 41489
|
| 020 |
|
|
|a 8176488534
|
| 020 |
|
|
|a 9788176488532
|
| 020 |
|
|
|a 8176488593
|
| 020 |
|
|
|a 9788176488594
|
| 040 |
|
|
|a BD-DhAAL
|
| 082 |
|
|
|a 370.72
|2 22
|
| 100 |
|
|
|a Mishra, R. C.
|9 35672
|
| 245 |
|
|
|a Educational research /
|c R.C. Mishra.
|
| 260 |
|
|
|a New Delhi :
|b A.P.H. Publishing Corporation,
|c 2005
|
| 300 |
|
|
|a 291 pages ;
|c 22 cm.
|
| 500 |
|
|
|a Includes index.
|
| 526 |
|
|
|a BIED
|
| 541 |
|
|
|a Complimentary copy from BIED
|e 36321
|
| 650 |
|
|
|a Education
|x Research.
|9 35673
|
| 650 |
|
|
|a Educational technology.
|9 35674
|
| 852 |
|
|
|a Ayesha Abed Library
|b BIED Collection
|
| 942 |
|
|
|2 ddc
|c BK
|
| 952 |
|
|
|0 0
|1 0
|2 ddc
|4 0
|6 370_720000000000000_MIS
|7 0
|9 66601
|a BRACUL
|b BRACUL
|c GEN
|d 2019-09-30
|e Complimentary copy from BIED
|l 0
|o 370.72 MIS
|p 3010036321
|r 2019-09-30
|t 1
|w 2019-09-30
|y BK
|x Transferred from BIED to General Stacks
|